| 000 | 00824nam a22002657a 4500 | ||
|---|---|---|---|
| 003 | dpl | ||
| 005 | 20180614131519.0 | ||
| 008 | 180614b xxu||||| |||| 00| 0 eng d | ||
| 010 | _aA-950279 | ||
| 020 |
_c150.00 _a9788120314160 |
||
| 035 | _aA-950279, A-950297 | ||
| 037 | _bCen Lib/Ret | ||
| 040 |
_aDPL _bEN _c0 |
||
| 082 |
_a658.404 _bSUN |
||
| 100 |
_aSunny _940056 |
||
| 245 |
_aThe complete idiot's guide to Project management / _cby Sunny [and] Kim Baker |
||
| 260 |
_aNew Delhi _bPrentice Hall _c1998 |
||
| 270 |
_aM-97,Connaught Circus _bNew Delhi _e110001 |
||
| 300 |
_axxiv, 328p. : _c23cm(pbk) _bill. |
||
| 500 | _aIncludes index | ||
| 650 |
_aManagment - Project - Planning _940057 |
||
| 650 |
_aManagment _940058 |
||
| 700 |
_a Baker, Kim _9105893 |
||
| 942 |
_2ddc _cEN _h658.404 _mSUN |
||
| 999 |
_c134199 _d134199 |
||